[Event "FRA-chT Top 12 (Women) GpB"]
[Site "Mulhouse"]
[Date "2023.05.19"]
[Round "2.2"]
[White "Batsiashvili, Nino"]
[Black "Diez, Ambre"]
[Result "1-0"]
[WhiteElo "2467"]
[BlackElo "1966"]
[PlyCount "76"]
[EventDate "2023.05.18"]
[EventType "team-tourn"]
[EventRounds "5"]
[EventCountry "FRA"]
[SourceTitle "CBM 214 Extra"]
[Source "ChessBase"]
[SourceDate "2023.07.31"]
[SourceVersion "1"]
[SourceVersionDate "2023.07.31"]
[SourceQuality "1"]
[WhiteTeam "Tour de Juvisy (W)"]
[BlackTeam "Bordeaux d'Aquitaine (W)"]
[WhiteTeamCountry "FRA"]
[BlackTeamCountry "FRA"]

1. c4 Nf6 2. Nc3 g6 3. d4 Bg7 4. e4 d6 5. h3 e5 6. d5 a5 7. Be3 Na6 8. Nf3 0-0 9. Nd2 Nd7 10. g4 f5 11. gxf5 gxf5 12. exf5 Ndc5 13. a3 Bxf5 14. Rg1 Kh8 15. Qh5 Qf6 16. h4 e4 17. Qg5 Qxg5 18. hxg5 Rae8 19. 0-0-0 Re7 20. Be2 Bg6 21. Rg2 Be5 22. Nb5 c6 23. Nc3 Bf4 24. Re1 Kg8 25. Rg4 Bxe3 26. fxe3 Rf2 27. Rf1 Ref7 28. Rxf2 Rxf2 29. Kd1 Bh5 30. Ndxe4 Bxg4 31. Nxf2 Bxe2+ 32. Kxe2 cxd5 33. cxd5 Nc7 34. Kf3 Kg7 35. Nfe4 Nxe4 36. Nxe4 Nxd5 37. Nxd6 b6 38. e4 Ne7 1-0

[Event "Trophee Roza Lallemand Online"]
[Site "Tornelo INT"]
[Date "2020.12.13"]
[Round "4"]
[White "Daulyte Cornette, Deimante"]
[Black "Diez, Ambre"]
[Result "1-0"]
[WhiteElo "2400"]
[BlackElo "1818"]
[PlyCount "53"]
[EventDate "2020.12.13"]
[EventType "swiss (rapid)"]
[EventRounds "9"]
[EventCountry "USA"]
[SourceTitle "EXT 2022"]
[Source "ChessBase"]
[SourceDate "2021.10.06"]
[SourceVersion "1"]
[SourceVersionDate "2021.10.06"]
[SourceQuality "1"]

1. e4 e5 2. Bc4 Nc6 3. Nc3 Bc5 4. Qg4 g6 5. Qf3 Nf6 6. Nge2 0-0 7. d3 Be7 8. Bh6 Re8 9. Nd5 Na5 10. Nxe7+ Qxe7 11. Bg5 Kg7 12. Qh3 h5 13. Qh4 Nxc4 14. dxc4 Qe6 15. 0-0-0 Ng4 16. h3 Nh6 17. g4 f6 18. Bxh6+ Kxh6 19. Rdg1 d6 20. g5+ fxg5 21. Qxg5+ Kh7 22. f4 exf4 23. Nxf4 Qxe4 24. Nd5 Qe5 25. Nf6+ Kg7 26. Qxg6+ Kf8 27. Qg7# 1-0

[Event "FRA-ch U16 Girls"]
[Site "Hyeres"]
[Date "2019.04.16"]
[Round "4"]
[White "Diez, Ambre"]
[Black "Tomasi, Elise"]
[Result "1-0"]
[WhiteElo "1775"]
[BlackElo "1904"]
[PlyCount "77"]
[EventDate "2019.04.14"]
[EventType "swiss"]
[EventRounds "9"]
[EventCountry "FRA"]
[SourceTitle "CBM 190 Extra"]
[Source "ChessBase"]
[SourceDate "2019.07.15"]
[SourceVersion "1"]
[SourceVersionDate "2019.07.15"]
[SourceQuality "1"]

1. Nf3 d5 2. g3 e6 3. Bg2 Nf6 4. d4 Be7 5. Nbd2 0-0 6. 0-0 b6 7. c4 Bb7 8. b3 c5 9. Bb2 Nc6 10. Rc1 Rc8 11. cxd5 Nxd5 12. Nc4 Qc7 13. dxc5 Bxc5 14. e4 Nf6 15. e5 Nd5 16. Ng5 Qe7 17. Ne4 Rfd8 18. Ncd6 Bxd6 19. Nxd6 Rxd6 20. exd6 Qxd6 21. Qg4 Qf8 22. Rfd1 Rd8 23. Rd2 Nce7 24. Rcd1 Ng6 25. h4 h6 26. Qa4 Qe7 27. h5 Nf8 28. Qg4 Qg5 29. Qxg5 hxg5 30. Rc1 Rd7 31. Bxd5 exd5 32. Be5 Ne6 33. Bd4 Kf8 34. Kg2 g4 35. Rh1 Ng5 36. h6 gxh6 37. Rxh6 Nf3 38. Bf6 Ne1+ 39. Kf1 1-0

[Event "Rochefort op-B 18th"]
[Site "Rochefort"]
[Date "2019.02.22"]
[Round "9"]
[White "Alashtar, Asef"]
[Black "Diez, Ambre"]
[Result "1-0"]
[WhiteElo "1857"]
[BlackElo "1743"]
[PlyCount "95"]
[EventDate "2019.02.16"]
[EventType "swiss"]
[EventRounds "9"]
[EventCountry "FRA"]
[SourceTitle "CBM 189 Extra"]
[Source "ChessBase"]
[SourceDate "2019.06.03"]
[SourceVersion "1"]
[SourceVersionDate "2019.06.03"]
[SourceQuality "1"]

1. b3 Nf6 2. Bb2 g6 3. d4 Bg7 4. Nd2 d6 5. e4 Nc6 6. Ngf3 0-0 7. Bd3 Nd7 8. c3 e5 9. d5 Ne7 10. Qe2 f5 11. c4 Nc5 12. Bc2 a5 13. a3 Bd7 14. 0-0-0 Qb8 15. a4 c6 16. Ba3 Na6 17. h4 cxd5 18. exd5 h6 19. Nh2 Qc7 20. f4 Nb4 21. Bxb4 axb4 22. fxe5 dxe5 23. Ndf3 Qd6 24. Rhe1 e4 25. Nf1 Bc3 26. Nd4 Qf6 27. Qf2 Bxe1 28. Qxe1 Qd6 29. Qd2 Kg7 30. g3 Ng8 31. Ne2 Nf6 32. Ne3 Rfd8 33. Qd4 b6 34. Rf1 Qc5 35. Qd2 Rac8 36. Nd4 Qd6 37. Rxf5 Qxg3 38. h5 Ng4 39. Nf1 Qg1 40. Ne2 Qg2 41. Rf4 Rf8 42. Bxe4 Qxf1+ 43. Rxf1 Rxf1+ 44. Kb2 gxh5 45. Qd4+ Kg8 46. Qxb6 Nf6 47. Ng3 Rf2+ 48. Qxf2 1-0